भारत सावित्री (Record no. 1016796)

MARC details
000 -LEADER
fixed length control field 01090nam a2200265Ia 4500
003 - CONTROL NUMBER IDENTIFIER
control field OSt
005 - DATE AND TIME OF LATEST TRANSACTION
control field 20221005105740.0
008 - FIXED-LENGTH DATA ELEMENTS--GENERAL INFORMATION
fixed length control field 221004b |||||||| |||| 00| 0 san d
020 ## - INTERNATIONAL STANDARD BOOK NUMBER
International Standard Book Number 817309036X (hbk)
037 ## - SOURCE OF ACQUISITION
Terms of availability Textual
040 ## - CATALOGING SOURCE
Original cataloging agency CRL
Transcribing agency CRL
Language of cataloging san
041 ## - LANGUAGE CODE
Source of code san
Language code of text/sound track or separate title san
100 ## - MAIN ENTRY--PERSONAL NAME
Personal name अग्रवाल, वासुदेवशरण
245 #0 - TITLE STATEMENT
Title भारत सावित्री
Remainder of title महाभारत का एक नवीन एवं सारगर्भित अध्ययन
246 ## - VARYING FORM OF TITLE
Title proper/short title Bhārat sāvitrī: mahābhārat kā ek navīn evan sāragarbhit adhyayana
260 ## - PUBLICATION, DISTRIBUTION, ETC.
Place of publication, distribution, etc. नई दिल्ली
Name of publisher, distributor, etc. सस्ता प्रकाशन मण्डल भारत
Date of publication, distribution, etc. 2003
300 ## - PHYSICAL DESCRIPTION
Extent 800पृ0
Dimensions cm.
650 ## - SUBJECT ADDED ENTRY--TOPICAL TERM
Topical term or geographic name entry element संस्कृत साहित्य
942 ## - ADDED ENTRY ELEMENTS (KOHA)
Classification part O15,1A2:g, 152P3
Koha item type Textual
Source of classification or shelving scheme
Holdings
Withdrawn status Lost status Damaged status Not for loan Home library Current library Date acquired Source of acquisition Total Checkouts Full call number Barcode Date last seen Price effective from Koha item type
        Central Library Central Library 2022-10-05 Gift, 04/05/2016,   O15,1A2:g 152P3 CL1170746 2022-10-05 2022-10-05 Textual
Copyright @ Delhi University Library System